| 000 | 00000nam 2200000zi 4500 |
| 001 | 9.871116 |
| 003 | CaOODSP |
| 005 | 20221107163313 |
| 006 | m o d f |
| 007 | cr cn||||||||| |
| 008 | 190404t20192018quc ob f000 0 fre d |
| 020 | |a9780660304007 |
| 040 | |aCaOODSP|bfre|erda|cCaOODSP |
| 043 | |an-cn--- |
| 045 | |ay1y1 |
| 086 | 1 |aEn4-371/2019F-PDF |
| 110 | 1 |aCanada. |bEnvironnement et changement climatique Canada. |bDirection générale de l'audit et de l'évaluation. |
| 245 | 10|aAudit de la gestion des subventions et des contributions à Environnement et changement climatique Canada : |brapport final / |cDirection générale de l'audit et de l'évaluation. |
| 246 | 17|aRapport final : |baudit de la gestion des subventions et des contributions à ECCC |
| 264 | 1|aGatineau (Québec) : |bEnvironnement et changement climatique Canada = Environment and Climate Change Canada, |c2019. |
| 264 | 4|c©2018 |
| 300 | |a1 ressource en ligne (iii, 16 pages) |
| 336 | |atexte|btxt|2rdacontent/fre |
| 337 | |ainformatique|bc|2rdamedia/fre |
| 338 | |aressource en ligne|bcr|2rdacarrier/fre |
| 500 | |aPublié aussi en anglais sous le titre : Audit of the management of grants and contributions at Environment and Climate Change Canada: final report. |
| 500 | |aTitre de la couverture. |
| 500 | |a« Mars 2019. » |
| 504 | |aComprend des références bibliographiques. |
| 520 | |a« L'audit visait à donner l'assurance relative à la pertinence et l'efficacité des processus et activités entourant les subventions et les contributions (S et C), y compris la gouvernance, l'établissement de rapports et de la gestion des risques, conformément à la Politique sur les paiements de transfert du Conseil du Trésor (CT). L'audit était centré sur les processus et activités mis en place au niveau ministériel à l'appui des programmes de S et C d'Environnement et Changement climatique Canada (ECCC) au cours de l'année financière (AF) 2017 à 2018. Plus particulièrement, il a examiné les rôles et les responsabilités, l'établissement de rapports et la gestion des risques » -- Sommaire, page i. |
| 692 | 07|2gccst|aVérification |
| 692 | 07|2gccst|aSubvention |
| 692 | 07|2gccst|aAide financière |
| 692 | 07|2gccst|aGestion |
| 775 | 08|tAudit of the management of grants and contributions at Environment and Climate Change Canada : |w(CaOODSP)9.871115 |
| 856 | 40|qPDF|s404 Ko|uhttps://publications.gc.ca/collections/collection_2019/eccc/En4-371-2019-fra.pdf |